पढ़ाई (Record no. 1022090)

MARC details
000 -LEADER
fixed length control field 00980nam a2200277Ia 4500
003 - CONTROL NUMBER IDENTIFIER
control field OSt
005 - DATE AND TIME OF LATEST TRANSACTION
control field 20221005111526.0
008 - FIXED-LENGTH DATA ELEMENTS--GENERAL INFORMATION
fixed length control field 221004b |||||||| |||| 00| 0 tel d
020 ## - INTERNATIONAL STANDARD BOOK NUMBER
International Standard Book Number 9788126040117 (pbk)
037 ## - SOURCE OF ACQUISITION
Terms of availability Textual
040 ## - CATALOGING SOURCE
Original cataloging agency CRL
Transcribing agency CRL
Language of cataloging tel
041 ## - LANGUAGE CODE
Source of code tel
Language code of text/sound track or separate title tel
100 ## - MAIN ENTRY--PERSONAL NAME
Personal name राव, के कुटुंब, ले.
9 (RLIN) 556489
245 #0 - TITLE STATEMENT
Title पढ़ाई
246 ## - VARYING FORM OF TITLE
Title proper/short title Paढ़āī
260 ## - PUBLICATION, DISTRIBUTION, ETC.
Place of publication, distribution, etc. नई दिल्ली
Name of publisher, distributor, etc. साहित्य अकादेमी भारत
Date of publication, distribution, etc. 2012
300 ## - PHYSICAL DESCRIPTION
Extent 188पृ0
Dimensions cm.
650 ## - SUBJECT ADDED ENTRY--TOPICAL TERM
Topical term or geographic name entry element तेलुगु साहित्य
650 ## - SUBJECT ADDED ENTRY--TOPICAL TERM
Topical term or geographic name entry element तेलुगु कहानी
942 ## - ADDED ENTRY ELEMENTS (KOHA)
Classification part O35,3N09,PA, 152Q2
Koha item type Textual
Source of classification or shelving scheme
Holdings
Withdrawn status Lost status Damaged status Not for loan Home library Current library Date acquired Source of acquisition Total Checkouts Full call number Barcode Date last seen Price effective from Koha item type Public note
        Central Library Central Library 2022-10-05 BW/1663, 14/03/2018, Bookwell   O35,3N09,PA 152Q2 CL1642845 2022-10-05 2022-10-05 Textual Translated from Telugu to Hindi.
Copyright @ Delhi University Library System